Loading...
Stabilizations and geomagnetic activity dependence of plasmoids in the geomagnetic tail
| Hovedforfatter: | |
|---|---|
| Udgivet: |
Department of Physics, University of Kerala
1994
|
| Fag: |
| LEADER | 00558nam a2200193 4500 | ||
|---|---|---|---|
| 020 | |||
| 082 | |a THE-PhD94 68 | ||
| 100 | |a Sindhu.M.S | ||
| 245 | |a Stabilizations and geomagnetic activity dependence of plasmoids in the geomagnetic tail | ||
| 250 | |||
| 260 | |a Department of Physics, University of Kerala |c 1994 | ||
| 300 | |||
| 490 | |||
| 500 | |||
| 590 | |||
| 650 | |a Dr.G.Renuka | ||
| 942 | |c THESIS | ||
| 999 | |c 87247 |d 87247 | ||
| 952 | |0 0 |1 0 |4 0 |6 THE_PHD94_68_000000000000000 |7 0 |9 100715 |a PHY |b PHY |l 0 |o THE-PhD94 68 |p PHYxx635 |r 2019-09-24 |w 2019-09-24 |y THESIS | ||